[Event "XLIV Memoriał Szachowy Ludwika Zamenhofa 2025, Grupa B"]
[Site "Bialystok, Poland"]
[Date "2025.12.28"]
[Round "3.19"]
[White "Rajlich, Vaclav"]
[Black "Czarnowicz, Michal"]
[Result "0-1"]
[TimeControl "90'+30\""]
[WhiteElo "1985"]
[BlackElo "1827"]

1. e4 {[%clk 01:30:58]} {[%emt 01:08:38]} c6 {[%clk 01:27:36]} {[%emt
00:03:25]} 2. d4 {[%clk 01:31:24]} {[%emt 00:00:05]} d5 {[%clk 01:27:58]}
{[%emt 00:00:07]} 3. e5 {[%clk 01:31:30]} {[%emt 00:00:24]} Bf5 {[%clk
01:28:06]} {[%emt 00:00:22]} 4. Nf3 {[%clk 01:31:48]} {[%emt 00:00:11]} e6
{[%clk 01:28:30]} {[%emt 00:00:06]} 5. Be2 {[%clk 01:32:14]} {[%emt 00:00:04]}
c5 {[%clk 01:28:46]} {[%emt 00:00:15]} 6. O-O {[%clk 01:30:56]} {[%emt
00:01:48]} Nc6 {[%clk 01:29:00]} {[%emt 00:00:15]} 7. dxc5 {[%clk 01:25:36]}
{[%emt 00:05:51]} Bxc5 {[%clk 01:29:16]} {[%emt 00:00:14]} 8. Nbd2 {[%clk
01:24:41]} {[%emt 00:01:24]} Nge7 {[%clk 01:23:20]} {[%emt 00:06:26]} 9. Nb3
{[%clk 01:21:32]} {[%emt 00:03:39]} Bb6 {[%clk 01:22:16]} {[%emt 00:01:34]} 10.
c3 {[%clk 01:20:31]} {[%emt 00:01:32]} O-O {[%clk 01:15:35]} {[%emt 00:07:12]}
11. Bf4 {[%clk 01:14:07]} {[%emt 00:06:53]} Ng6 {[%clk 01:05:59]} {[%emt
00:10:06]} 12. Bg3 {[%clk 01:14:29]} {[%emt 00:00:08]} Bc7 {[%clk 00:58:19]}
{[%emt 00:08:11]} 13. Nc5 {[%clk 01:10:37]} {[%emt 00:04:22]} Rb8 {[%clk
00:56:52]} {[%emt 00:01:57]} 14. Nd3 {[%clk 01:10:43]} {[%emt 00:00:23]} Bxd3
{[%clk 00:55:46]} {[%emt 00:01:37]} 15. Bxd3 {[%clk 01:11:08]} {[%emt
00:00:05]} Ngxe5 {[%clk 00:51:10]} {[%emt 00:05:06]} 16. Nxe5 {[%clk 01:08:14]}
{[%emt 00:03:24]} Nxe5 {[%clk 00:49:41]} {[%emt 00:01:58]} 17. Bxe5 {[%clk
01:08:08]} {[%emt 00:00:36]} Bxe5 {[%clk 00:50:00]} {[%emt 00:00:10]} 18. Qh5
{[%clk 01:07:10]} {[%emt 00:01:29]} f5 {[%clk 00:49:27]} {[%emt 00:01:03]} 19.
Rfe1 {[%clk 01:07:14]} {[%emt 00:00:26]} Qd6 {[%clk 00:49:18]} {[%emt
00:00:39]} 20. Rad1 {[%clk 00:58:30]} {[%emt 00:09:14]} a6 {[%clk 00:38:27]}
{[%emt 00:11:21]} 21. Re3 {[%clk 00:55:40]} {[%emt 00:03:19]} g6 {[%clk
00:36:58]} {[%emt 00:02:00]} 22. Qe2 {[%clk 00:55:13]} {[%emt 00:00:57]} Bxh2+
{[%clk 00:36:58]} {[%emt 00:00:31]} 23. Kh1 {[%clk 00:55:40]} {[%emt 00:00:03]}
Rbe8 {[%clk 00:36:43]} {[%emt 00:00:45]} 24. Re1 {[%clk 00:50:43]} {[%emt
00:05:26]} e5 {[%clk 00:24:41]} {[%emt 00:12:32]} 25. Kxh2 {[%clk 00:48:24]}
{[%emt 00:02:47]} e4+ {[%clk 00:24:10]} {[%emt 00:01:02]} 26. Kg1 {[%clk
00:48:47]} {[%emt 00:00:07]} f4 {[%clk 00:23:39]} {[%emt 00:01:02]} 27. Rh3
{[%clk 00:49:03]} {[%emt 00:00:14]} f3 {[%clk 00:16:03]} {[%emt 00:08:05]} 28.
Qd1 {[%clk 00:47:28]} {[%emt 00:02:05]} exd3 {[%clk 00:15:06]} {[%emt
00:01:29]} 29. Rxe8 {[%clk 00:47:51]} {[%emt 00:00:06]} Rxe8 {[%clk 00:15:25]}
{[%emt 00:00:11]} 30. Rxf3 {[%clk 00:48:14]} {[%emt 00:00:07]} Qe5 {[%clk
00:12:04]} {[%emt 00:03:52]} 31. Re3 {[%clk 00:48:26]} {[%emt 00:00:17]} Qb8
{[%clk 00:11:24]} {[%emt 00:01:09]} 32. Qxd3 {[%clk 00:48:15]} {[%emt
00:00:42]} Rxe3 {[%clk 00:10:06]} {[%emt 00:01:48]} 33. Qxd5+ {[%clk 00:48:30]}
{[%emt 00:00:15]} Kg7 {[%clk 00:10:19]} {[%emt 00:00:17]} 34. fxe3 {[%clk
00:48:46]} {[%emt 00:00:14]} Qc7 {[%clk 00:09:47]} {[%emt 00:01:02]} 35. e4
{[%clk 00:48:27]} {[%emt 00:00:50]} Kh6 {[%clk 00:09:28]} {[%emt 00:00:48]} 36.
Qd2+ {[%clk 00:48:32]} {[%emt 00:00:24]} Kh5 {[%clk 00:09:03]} {[%emt
00:00:56]} 37. Qe2+ {[%clk 00:48:51]} {[%emt 00:00:11]} Kg5 {[%clk 00:08:24]}
{[%emt 00:01:08]} 38. c4 {[%clk 00:46:52]} {[%emt 00:02:30]} Qc5+ {[%clk
00:07:57]} {[%emt 00:00:58]} 39. Kh2 {[%clk 00:46:48]} {[%emt 00:00:30]} Qd4
{[%clk 00:06:30]} {[%emt 00:02:00]} 40. g3 {[%clk 00:46:42]} {[%emt 00:00:36]}
Kf6 {[%clk 00:06:33]} {[%emt 00:00:27]} 41. Qf3+ {[%clk 00:42:39]} {[%emt
00:04:34]} Ke7 {[%clk 00:06:41]} {[%emt 00:00:20]} 42. b3 {[%clk 00:42:51]}
{[%emt 00:00:19]} Qd2+ {[%clk 00:05:31]} {[%emt 00:01:40]} 43. Qg2 {[%clk
00:43:11]} {[%emt 00:00:10]} Qh6+ {[%clk 00:05:48]} {[%emt 00:00:13]} 44. Kg1
{[%clk 00:43:10]} {[%emt 00:00:31]} Qe3+ {[%clk 00:05:52]} {[%emt 00:00:26]} 45.
Kf1 {[%clk 00:42:47]} {[%emt 00:00:53]} h5 {[%clk 00:04:04]} {[%emt 00:02:18]}
46. Qh2 {[%clk 00:31:25]} {[%emt 00:11:46]} Qc1+ {[%clk 00:03:24]} {[%emt
00:01:17]} 47. Kg2 {[%clk 00:31:19]} {[%emt 00:00:34]} Qc2+ {[%clk 00:03:47]}
{[%emt 00:00:09]} 48. Kg1 {[%clk 00:31:29]} {[%emt 00:00:19]} Qb1+ {[%emt
00:01:15]} 49. Kg2 {[%clk 00:31:20]} Qxa2+ {[%clk 00:04:10]} {[%emt 00:00:01]}
50. Kh3 {[%clk 00:31:43]} {[%emt 00:00:07]} Qxh2+ {[%clk 00:04:19]} {[%emt
00:00:21]} 51. Kxh2 {[%clk 00:32:08]} {[%emt 00:00:05]} Ke6 {[%clk 00:04:43]}
{[%emt 00:00:06]} 52. Kg2 {[%clk 00:31:55]} {[%emt 00:00:42]} Ke5 {[%clk
00:05:11]} {[%emt 00:00:02]} 53. Kf3 {[%clk 00:32:21]} {[%emt 00:00:05]} g5
{[%clk 00:05:27]} {[%emt 00:00:14]} 0-1

[Event "XLIV Memoriał Szachowy Ludwika Zamenhofa 2025, Grupa B"]
[Site "Bialystok, Poland"]
[Date "2025.12.28"]
[Round "3.20"]
[White "Krzyzosiak, Marta"]
[Black "Madejski, Milosz"]
[Result "1/2-1/2"]
[TimeControl "90'+30\""]
[WhiteElo "1793"]
[BlackElo "1917"]

1. Nf3 {[%clk 01:30:55]} {[%emt 00:00:04]} c5 {[%clk 01:30:39]} {[%emt
00:00:22]} 2. g3 {[%clk 01:31:16]} {[%emt 00:00:09]} g6 {[%clk 01:31:02]}
{[%emt 00:00:07]} 3. Bg2 {[%clk 01:31:39]} {[%emt 00:00:06]} Bg7 {[%clk
01:31:30]} {[%emt 00:00:02]} 4. d3 {[%clk 01:31:51]} {[%emt 00:00:18]} Nc6
{[%clk 01:31:49]} {[%emt 00:00:11]} 5. O-O {[%clk 01:32:02]} {[%emt 00:00:19]}
d6 {[%clk 01:31:38]} {[%emt 00:00:41]} 6. e4 {[%clk 01:31:51]} {[%emt
00:00:41]} Nf6 {[%clk 01:30:48]} {[%emt 00:01:20]} 7. Nbd2 {[%clk 01:30:29]}
{[%emt 00:01:51]} O-O {[%clk 01:30:53]} {[%emt 00:00:26]} 8. c3 {[%clk
01:28:39]} {[%emt 00:02:20]} Qc7 {[%clk 01:27:09]} {[%emt 00:04:14]} 9. a4
{[%clk 01:25:12]} {[%emt 00:03:57]} Rb8 {[%clk 01:27:22]} {[%emt 00:00:17]} 10.
Nc4 {[%clk 01:23:34]} {[%emt 00:02:08]} Be6 {[%clk 01:25:19]} {[%emt 00:02:33]}
11. Ne3 {[%clk 01:22:37]} {[%emt 00:01:27]} h6 {[%clk 01:24:28]} {[%emt
00:01:22]} 12. Qc2 {[%clk 01:19:00]} {[%emt 00:04:07]} a6 {[%clk 01:18:10]}
{[%emt 00:06:48]} 13. d4 {[%clk 01:08:57]} {[%emt 00:10:32]} Na5 {[%clk
01:12:39]} {[%emt 00:06:01]} 14. d5 {[%clk 01:01:04]} {[%emt 00:08:23]} Bd7
{[%clk 01:12:58]} {[%emt 00:00:12]} 15. c4 {[%clk 00:57:27]} {[%emt 00:04:07]}
b5 {[%clk 01:12:15]} {[%emt 00:01:13]} 16. axb5 {[%clk 00:56:01]} {[%emt
00:01:56]} axb5 {[%clk 01:12:36]} {[%emt 00:00:09]} 17. cxb5 {[%clk 00:56:12]}
{[%emt 00:00:19]} Bxb5 {[%clk 01:12:34]} {[%emt 00:00:31]} 18. Re1 {[%clk
00:53:06]} {[%emt 00:03:35]} Bd7 {[%clk 01:11:46]} {[%emt 00:01:18]} 19. Ra3
{[%clk 00:50:30]} {[%emt 00:03:07]} Ng4 {[%clk 01:09:25]} {[%emt 00:02:51]} 20.
Nd1 {[%clk 00:42:32]} {[%emt 00:08:28]} c4 {[%clk 01:09:04]} {[%emt 00:00:51]}
21. Bd2 {[%clk 00:42:16]} {[%emt 00:00:46]} Nb3 {[%clk 01:08:20]} {[%emt
00:01:13]} 22. Bc3 {[%clk 00:41:46]} {[%emt 00:00:59]} Ne5 {[%clk 01:08:12]}
{[%emt 00:00:39]} 23. Nxe5 {[%clk 00:38:44]} {[%emt 00:03:32]} Bxe5 {[%clk
01:08:31]} {[%emt 00:00:11]} 24. Bxe5 {[%clk 00:37:44]} {[%emt 00:01:30]} dxe5
{[%clk 01:08:59]} {[%emt 00:00:02]} 25. Ne3 {[%clk 00:34:52]} {[%emt 00:03:21]}
Rfc8 {[%clk 01:09:10]} {[%emt 00:00:21]} 26. Nf1 {[%clk 00:31:53]} {[%emt
00:03:28]} Qb6 {[%clk 01:08:27]} {[%emt 00:01:13]} 27. Ra2 {[%clk 00:30:31]}
{[%emt 00:01:52]} Nd4 {[%clk 01:07:12]} {[%emt 00:01:45]} 28. Qc1 {[%clk
00:29:28]} {[%emt 00:01:33]} Qb3 {[%clk 01:04:23]} {[%emt 00:03:19]} 29. Ra7
{[%clk 00:28:39]} {[%emt 00:01:18]} Rb7 {[%clk 01:02:49]} {[%emt 00:02:05]} 30.
Rxb7 {[%clk 00:28:25]} {[%emt 00:00:44]} Qxb7 {[%clk 01:03:16]} {[%emt
00:00:03]} 31. Nd2 {[%clk 00:25:36]} {[%emt 00:03:18]} Bb5 {[%clk 01:00:01]}
{[%emt 00:03:46]} 32. Nf3 {[%clk 00:25:37]} {[%emt 00:00:29]} c3 {[%clk
00:59:47]} {[%emt 00:00:44]} 33. Nxd4 {[%clk 00:22:31]} {[%emt 00:03:36]} exd4
{[%clk 01:00:15]} {[%emt 00:00:02]} 34. bxc3 {[%clk 00:22:46]} {[%emt
00:00:16]} dxc3 {[%clk 01:00:43]} {[%emt 00:00:01]} 35. Qxh6 {[%clk 00:22:25]}
{[%emt 00:00:49]} c2 {[%clk 01:00:16]} {[%emt 00:00:59]} 36. Bh3 {[%clk
00:22:21]} {[%emt 00:00:34]} Bd7 {[%clk 00:59:44]} {[%emt 00:01:03]} 37. Bxd7
{[%clk 00:20:59]} {[%emt 00:01:51]} Qxd7 {[%clk 01:00:11]} {[%emt 00:00:02]} 38.
Rc1 {[%clk 00:15:31]} {[%emt 00:05:59]} Qg4 {[%clk 00:38:28]} {[%emt 00:22:13]}
39. Qd2 {[%clk 00:10:44]} {[%emt 00:05:14]} Qxe4 {[%clk 00:38:53]} {[%emt
00:00:08]} 40. h4 {[%clk 00:10:59]} {[%emt 00:00:14]} Rc5 {[%clk 00:34:25]}
{[%emt 00:04:59]} 41. Kh2 {[%clk 00:08:12]} {[%emt 00:03:17]} Kh7 {[%clk
00:32:50]} {[%emt 00:02:05]} 42. Kg1 {[%clk 00:08:18]} {[%emt 00:00:24]} Kg8
{[%clk 00:31:34]} {[%emt 00:01:46]} 43. Kh2 {[%clk 00:08:43]} {[%emt 00:00:05]}
Qc4 {[%clk 00:30:23]} {[%emt 00:01:41]} 44. Kg1 {[%clk 00:07:08]} {[%emt
00:02:04]} Qb5 {[%clk 00:29:59]} {[%emt 00:00:55]} 45. Kh2 {[%clk 00:06:28]}
{[%emt 00:01:10]} Qb2 {[%clk 00:30:27]} {[%emt 00:00:02]} 46. Kg2 {[%clk
00:06:20]} {[%emt 00:00:37]} Qb7 {[%clk 00:29:53]} {[%emt 00:01:05]} 47. Kh2
{[%clk 00:06:02]} {[%emt 00:00:48]} Qb3 {[%clk 00:29:02]} {[%emt 00:01:21]} 48.
Kg1 {[%clk 00:06:11]} {[%emt 00:00:21]} Qb7 {[%clk 00:26:20]} {[%emt 00:03:12]}
49. Kh2 {[%clk 00:06:28]} {[%emt 00:00:13]} Qc7 {[%clk 00:26:18]} {[%emt
00:00:33]} 50. Kg2 {[%clk 00:06:19]} {[%emt 00:00:38]} Qe5 {[%clk 00:26:31]}
{[%emt 00:00:17]} 51. Kh2 {[%clk 00:05:37]} {[%emt 00:01:11]} Qe4 {[%clk
00:26:24]} {[%emt 00:00:38]} 1/2-1/2

[Event "XLIV Memoriał Szachowy Ludwika Zamenhofa 2025, Grupa B"]
[Site "Bialystok, Poland"]
[Date "2025.12.28"]
[Round "3.21"]
[White "Kultucki, Kamil"]
[Black "Kicinska, Anna"]
[Result "0-1"]
[TimeControl "90'+30\""]
[WhiteElo "1781"]
[BlackElo "1901"]

1. d4 {[%clk 01:30:30]} {[%emt 00:08:50]} Nf6 {[%clk 01:30:30]} {[%emt
00:00:23]} 2. c4 {[%clk 01:31:11]} {[%emt 00:01:03]} c5 {[%clk 01:31:17]}
{[%emt 00:00:04]} 3. d5 {[%clk 01:31:26]} {[%emt 00:00:24]} e6 {[%clk
01:31:43]} {[%emt 00:00:04]} 4. Nc3 {[%clk 01:31:44]} {[%emt 00:00:11]} exd5
{[%clk 01:32:08]} {[%emt 00:00:05]} 5. cxd5 {[%clk 01:32:06]} {[%emt 00:00:08]}
d6 {[%clk 01:32:34]} {[%emt 00:00:05]} 6. e4 {[%clk 01:32:20]} {[%emt
00:00:16]} g6 {[%clk 01:32:51]} {[%emt 00:00:13]} 7. h3 {[%clk 01:32:38]}
{[%emt 00:00:12]} Bg7 {[%clk 01:33:13]} {[%emt 00:00:08]} 8. a4 {[%clk
01:32:43]} {[%emt 00:00:24]} O-O {[%clk 01:33:15]} {[%emt 00:00:28]} 9. Bd3
{[%clk 01:32:31]} {[%emt 00:00:42]} Re8 {[%clk 01:31:52]} {[%emt 00:01:54]} 10.
Bg5 {[%clk 01:31:22]} {[%emt 00:01:38]} Nxe4 {[%emt 00:09:00]} 11. Nxe4 {[%clk
01:26:36]} {[%emt 00:05:14]} Qxg5 {[%clk 01:23:39]} {[%emt 00:00:15]} 12. Qe2
{[%clk 01:26:30]} {[%emt 00:00:36]} Qd8 {[%clk 01:22:32]} {[%emt 00:01:37]} 13.
f3 {[%clk 01:21:54]} {[%emt 00:05:06]} f5 {[%clk 01:21:53]} {[%emt 00:01:10]}
14. g4 {[%clk 01:19:36]} {[%emt 00:02:47]} fxe4 {[%clk 01:22:01]} {[%emt
00:00:23]} 15. fxe4 {[%clk 01:19:59]} {[%emt 00:00:07]} Qh4+ {[%clk 01:20:09]}
{[%emt 00:02:21]} 16. Kd1 {[%clk 01:20:11]} {[%emt 00:00:17]} Rf8 {[%clk
01:19:41]} {[%emt 00:00:59]} 17. Nf3 {[%clk 01:18:33]} {[%emt 00:02:08]} Qf6
{[%clk 01:18:51]} {[%emt 00:01:20]} 18. Nd2 {[%clk 01:17:52]} {[%emt 00:01:11]}
Qxb2 {[%clk 01:17:17]} {[%emt 00:02:05]} 19. Rb1 {[%clk 01:17:49]} {[%emt
00:00:32]} Qd4 {[%clk 01:15:53]} {[%emt 00:01:54]} 20. Nf3 {[%clk 01:15:49]}
{[%emt 00:02:29]} Qxa4+ {[%clk 01:13:02]} {[%emt 00:03:22]} 0-1

[Event "XLIV Memoriał Szachowy Ludwika Zamenhofa 2025, Grupa B"]
[Site "Bialystok, Poland"]
[Date "2025.12.28"]
[Round "3.22"]
[White "Nowak, Roksana"]
[Black "Lewczuk, Jakub"]
[Result "0-1"]
[TimeControl "90'+30\""]
[WhiteElo "1900"]
[BlackElo "1805"]

1. e4 {[%clk 01:30:57]} c6 {[%clk 01:30:51]} {[%emt 00:00:05]} 2. d4 {[%clk
01:31:17]} {[%emt 00:00:10]} d5 {[%clk 01:30:47]} {[%emt 00:00:33]} 3. exd5
{[%clk 01:31:39]} {[%emt 00:00:08]} cxd5 {[%clk 01:31:06]} {[%emt 00:00:10]} 4.
c4 {[%clk 01:31:53]} {[%emt 00:00:17]} Nf6 {[%clk 01:31:14]} {[%emt 00:00:22]}
5. Nc3 {[%clk 01:32:14]} {[%emt 00:00:10]} e6 {[%clk 01:31:03]} {[%emt
00:00:41]} 6. c5 {[%clk 01:32:25]} {[%emt 00:00:18]} Be7 {[%clk 01:29:55]}
{[%emt 00:01:35]} 7. Nf3 {[%clk 01:32:48]} {[%emt 00:00:10]} O-O {[%clk
01:30:08]} {[%emt 00:00:18]} 8. Qc2 {[%clk 01:33:14]} {[%emt 00:00:04]} b6
{[%clk 01:29:41]} {[%emt 00:00:57]} 9. b4 {[%clk 01:32:59]} {[%emt 00:00:45]}
a5 {[%clk 01:29:36]} {[%emt 00:00:35]} 10. Na4 {[%clk 01:33:01]} {[%emt
00:00:28]} Nbd7 {[%clk 01:23:54]} {[%emt 00:06:12]} 11. Bf4 {[%clk 01:01:28]}
{[%emt 00:32:03]} Ne4 {[%clk 01:15:06]} {[%emt 00:09:18]} 12. a3 {[%clk
00:59:12]} {[%emt 00:02:47]} axb4 {[%clk 01:13:29]} {[%emt 00:02:07]} 13. c6
{[%clk 00:49:49]} {[%emt 00:09:53]} Ndf6 {[%clk 01:11:04]} {[%emt 00:02:55]} 14.
Bb5 {[%clk 00:43:10]} {[%emt 00:07:09]} Bd6 {[%clk 01:07:50]} {[%emt 00:03:44]}
15. Bxd6 {[%clk 00:36:24]} {[%emt 00:07:16]} Nxd6 {[%clk 01:06:56]} {[%emt
00:01:24]} 16. Bd3 {[%clk 00:32:43]} {[%emt 00:04:11]} Qc7 {[%clk 01:06:19]}
{[%emt 00:01:06]} 17. O-O {[%clk 00:31:16]} {[%emt 00:01:57]} b5 {[%clk
01:05:56]} {[%emt 00:00:51]} 18. Nc5 {[%clk 00:31:28]} {[%emt 00:00:19]} bxa3
{[%clk 01:05:54]} {[%emt 00:00:33]} 19. Qb3 {[%clk 00:30:50]} {[%emt 00:01:08]}
Qxc6 {[%clk 01:04:50]} {[%emt 00:01:34]} 20. Rxa3 {[%clk 00:30:07]} {[%emt
00:01:13]} Rxa3 {[%clk 01:05:00]} {[%emt 00:00:20]} 21. Qxa3 {[%clk 00:30:36]}
Nd7 {[%clk 00:55:34]} {[%emt 00:09:56]} 22. Nxd7 {[%clk 00:25:40]} {[%emt
00:05:25]} Qxd7 {[%clk 00:53:29]} {[%emt 00:02:35]} 23. Ne5 {[%clk 00:23:58]}
{[%emt 00:02:11]} Qc7 {[%clk 00:50:28]} {[%emt 00:03:27]} 24. Rc1 {[%clk
00:23:59]} {[%emt 00:00:33]} Nc4 {[%clk 00:50:26]} {[%emt 00:00:32]} 25. Bxh7+
{[%clk 00:24:14]} {[%emt 00:00:15]} Kxh7 {[%clk 00:50:00]} {[%emt 00:00:55]} 26.
Qxf8 {[%clk 00:24:40]} {[%emt 00:00:05]} f6 {[%clk 00:48:47]} {[%emt 00:01:44]}
27. Nf7 {[%clk 00:17:34]} {[%emt 00:07:36]} b4 {[%clk 00:44:33]} {[%emt
00:04:45]} 28. Nd6 {[%clk 00:07:30]} {[%emt 00:10:34]} Qxd6 {[%clk 00:41:46]}
{[%emt 00:03:16]} 29. Qxc8 {[%clk 00:06:24]} {[%emt 00:01:36]} Qf4 {[%clk
00:40:32]} {[%emt 00:01:43]} 30. Rd1 {[%clk 00:04:12]} {[%emt 00:02:43]} Qe4
{[%clk 00:39:45]} {[%emt 00:01:16]} 31. Qe8 {[%clk 00:03:54]} {[%emt 00:00:49]}
Qe2 {[%clk 00:39:55]} {[%emt 00:00:20]} 32. Rb1 {[%clk 00:02:39]} {[%emt
00:01:45]} b3 {[%clk 00:39:51]} {[%emt 00:00:33]} 33. h4 {[%clk 00:02:41]}
{[%emt 00:00:29]} b2 {[%clk 00:39:55]} {[%emt 00:00:26]} 34. Qb5 {[%clk
00:01:43]} {[%emt 00:01:29]} Qc2 {[%clk 00:39:54]} {[%emt 00:00:31]} 35. Re1
{[%clk 00:01:54]} {[%emt 00:00:19]} Qc1 {[%clk 00:39:46]} {[%emt 00:00:35]} 36.
Qb4 {[%clk 00:00:54]} {[%emt 00:01:32]} Nd2 {[%clk 00:39:39]} {[%emt 00:00:37]}
0-1

[Event "XLIV Memoriał Szachowy Ludwika Zamenhofa 2025, Grupa B"]
[Site "Bialystok, Poland"]
[Date "2025.12.28"]
[Round "3.23"]
[White "Zareba, Maciej"]
[Black "Surkont, Jan"]
[Result "1-0"]
[TimeControl "90'+30\""]
[WhiteElo "1890"]
[BlackElo "1787"]

1. d4 {[%emt 00:00:43]} Nf6 {[%emt 00:00:19]} 2. Nf3 {[%emt 00:00:06]} g6
{[%emt 00:00:16]} 3. Bf4 {[%emt 00:00:09]} Bg7 {[%emt 00:00:10]} 4. e3 {[%emt
00:00:13]} O-O {[%emt 00:00:22]} 5. h3 {[%emt 00:00:09]} d6 {[%emt 00:00:25]} 6.
Be2 {[%emt 00:00:05]} Nbd7 {[%emt 00:04:47]} 7. O-O {[%emt 00:00:09]} c5 {[%emt
00:00:39]} 8. c3 {[%emt 00:00:36]} b6 {[%emt 00:00:33]} 9. a4 {[%emt 00:00:21]}
a6 {[%emt 00:09:39]} 10. Nbd2 {[%emt 00:02:12]} Bb7 {[%emt 00:00:37]} 11. b4
{[%emt 00:01:43]} Nd5 {[%emt 00:02:03]} 12. Qb3 {[%emt 00:04:23]} cxb4 {[%emt
00:05:58]} 13. cxb4 {[%emt 00:00:56]} Nxf4 {[%emt 00:00:25]} 14. exf4 {[%emt
00:00:09]} Nf6 {[%emt 00:09:06]} 15. Nc4 {[%emt 00:07:14]} Nd5 {[%emt
00:03:51]} 16. g3 {[%emt 00:03:41]} Qd7 {[%emt 00:15:56]} 17. Kh2 {[%emt
00:02:44]} Rfc8 {[%emt 00:14:32]} 18. Rac1 {[%emt 00:02:34]} Rc7 {[%emt
00:01:59]} 19. Rc2 {[%emt 00:07:25]} Rac8 {[%emt 00:04:10]} 20. Rfc1 {[%emt
00:00:18]} Ba8 {[%emt 00:03:25]} 21. Bf1 {[%emt 00:16:28]} b5 {[%emt 00:03:13]}
22. axb5 {[%emt 00:01:53]} axb5 {[%emt 00:00:18]} 23. Na3 {[%emt 00:02:26]}
Rxc2 {[%emt 00:01:04]} 24. Rxc2 {[%emt 00:02:06]} Rxc2 {[%emt 00:00:22]} 25.
Nxc2 {[%emt 00:00:33]} Nb6 {[%emt 00:08:05]} 26. Bg2 {[%emt 00:06:51]} Bd5
{[%emt 00:03:39]} 27. Qd3 {[%emt 00:04:33]} Qc6 {[%emt 00:02:42]} 28. Nfe1
{[%emt 00:01:06]} Bxg2 {[%emt 00:00:27]} 29. Nxg2 {[%emt 00:00:07]} Nc4 {[%emt
00:02:29]} 30. d5 {[%emt 00:05:29]} Qa6 {[%emt 00:01:51]} 31. Nge3 {[%emt
00:04:20]} Qa2 {[%emt 00:00:23]} 32. Kg2 {[%emt 00:05:00]} Kf8 {[%emt
00:00:59]} 33. h4 {[%emt 00:03:42]} Ke8 {[%emt 00:01:43]} 34. h5 {[%emt
00:00:14]} gxh5 {[%emt 00:00:37]} 35. Qxh7 {[%emt 00:02:43]} Nxe3+ {[%emt
00:00:05]} 36. Nxe3 {[%emt 00:01:43]} Bd4 {[%emt 00:00:04]} 37. Qc2 {[%emt
00:02:34]} Qa8 {[%emt 00:01:20]} 38. Qd3 {[%emt 00:02:58]} Bxe3 {[%emt
00:00:08]} 39. Qxb5+ {[%emt 00:00:25]} Kf8 {[%emt 00:00:04]} 40. fxe3 {[%emt
00:00:11]} Qa2+ {[%emt 00:00:11]} 41. Kf3 {[%emt 00:02:51]} Qb1 {[%emt
00:00:13]} 42. Kf2 {[%emt 00:01:08]} Qa2+ {[%emt 00:00:46]} 43. Qe2 {[%emt
00:00:34]} Qxd5 {[%emt 00:00:11]} 44. b5 {[%emt 00:00:05]} Ke8 {[%emt
00:00:53]} 45. b6 {[%emt 00:00:23]} Kd7 {[%emt 00:01:23]} 46. Qb2 {[%emt
00:01:13]} Qh1 {[%emt 00:00:43]} 47. Qb5+ {[%emt 00:00:28]} Qc6 {[%emt
00:00:13]} 48. Qf5+ {[%emt 00:01:51]} Ke8 {[%emt 00:00:37]} 49. Qb1 {[%emt
00:00:19]} Qd5 {[%emt 00:00:41]} 50. b7 {[%emt 00:00:32]} Qd2+ {[%emt
00:00:04]} 51. Kf3 {[%emt 00:00:21]} Qd5+ {[%emt 00:00:02]} 52. e4 {[%emt
00:00:06]} 1-0